Ultimate Times Tables - Statistics

General Stats
  • This quiz has been taken 96 times
  • The average score is 128 of 144
Answer Stats
Equation Answer % Correct
1x1 1
100%
1x10 10
100%
2x5 10
100%
1x11 11
100%
1x12 12
100%
2x6 12
100%
3x4 12
100%
2x7 14
100%
3x5 15
100%
2x8 16
100%
2x9 18
100%
1x2 2
100%
2x1 2
100%
2x10 20
100%
2x11 22
100%
2x12 24
100%
1x3 3
100%
3x1 3
100%
1x4 4
100%
2x2 4
100%
1x5 5
100%
1x6 6
100%
2x3 6
100%
3x2 6
100%
1x7 7
100%
1x8 8
100%
2x4 8
100%
1x9 9
100%
3x3 9
100%
5x2 10
97%
4x3 12
97%
5x3 15
97%
4x4 16
97%
3x6 18
97%
4x5 20
97%
5x4 20
97%
3x7 21
97%
3x8 24
97%
4x6 24
97%
5x5 25
97%
3x9 27
97%
4x7 28
97%
3x10 30
97%
5x6 30
97%
4x8 32
97%
3x11 33
97%
5x7 35
97%
3x12 36
97%
4x9 36
97%
4x1 4
97%
4x10 40
97%
5x8 40
97%
4x11 44
97%
5x9 45
97%
4x12 48
97%
5x1 5
97%
5x10 50
97%
5x11 55
97%
5x12 60
97%
4x2 8
97%
6x2 12
95%
6x3 18
95%
6x4 24
95%
6x5 30
95%
6x6 36
95%
6x7 42
95%
6x8 48
95%
6x1 6
95%
7x2 14
92%
6x9 54
92%
6x10 60
92%
6x11 66
92%
7x1 7
92%
6x12 72
92%
7x3 21
89%
7x4 28
86%
7x5 35
86%
11x1 11
84%
8x2 16
84%
9x2 18
84%
11x2 22
84%
8x3 24
84%
9x3 27
84%
9x4 36
84%
7x6 42
84%
9x5 45
84%
7x7 49
84%
9x6 54
84%
7x8 56
84%
7x9 63
84%
9x7 63
84%
7x10 70
84%
9x8 72
84%
7x11 77
84%
8x1 8
84%
9x9 81
84%
7x12 84
84%
9x1 9
84%
9x10 90
84%
9x11 99
84%
10x1 10
81%
10x10 100
81%
10x11 110
81%
10x12 120
81%
10x2 20
81%
10x3 30
81%
8x4 32
81%
11x3 33
81%
8x5 40
81%
10x4 40
81%
11x4 44
81%
8x6 48
81%
10x5 50
81%
11x5 55
81%
8x7 56
81%
10x6 60
81%
8x8 64
81%
11x6 66
81%
10x7 70
81%
8x9 72
81%
11x7 77
81%
8x10 80
81%
10x8 80
81%
8x11 88
81%
11x8 88
81%
10x9 90
81%
8x12 96
81%
11x9 99
81%
9x12 108
78%
11x10 110
76%
12x1 12
73%
11x11 121
73%
12x2 24
73%
12x9 108
70%
12x10 120
70%
11x12 132
70%
12x11 132
70%
12x12 144
70%
12x3 36
70%
12x4 48
70%
12x5 60
70%
12x6 72
70%
12x7 84
70%
12x8 96
70%
No matching quizzes found
Score Distribution
Percent of People with Each Score
Percentile by Number Answered
Your Score History
You have not taken this quiz